Gaming Quiz

Random Gaming Quiz

Warhammer 40k Universal Special Rules Quiz Stats

 Plays Quiz not verified by Sporcle

Score 0/22 Timer 05:00
0 Plays Today
Rule % Correct
Fearless
68.7%
Feel No Pain
66.8%
Fleet
66.8%
Infiltrate
57.9%
Furious Charge
57.7%
Stealth
52.2%
Relentless
50.7%
Stubborn
46.1%
Rage
45.7%
Eternal Warrior
45.2%
Move Through Cover
41.9%
Rule % Correct
Scouts
40.6%
Slow and Purposeful
40%
Counter Attack
38.5%
Night Vision/Accute Senses
34.2%
Hit and Run
29.6%
Tank Hunters
29.4%
Preferred Enemy
26%
Swarms
24.1%
Skilled Rider
23.7%
Vulnerable to Blasts/Templates
21.8%
Turbo-Boosters
14.4%

You're not logged in!

Compare scores with friends on all Sporcle quizzes.
OR
Log In

Sporcle TV

Today on Sporcle TV


Watch our educational content, quiz creation guides, and fun videos on Sporcle TV.

Show Comments

Extras

Created Dec 2, 2009ReportNominate
Tags:40k, rule, special, universal, warhammer

Top Quizzes Today


Score Distribution

Your Account Isn't Verified!

In order to create a playlist on Sporcle, you need to verify the email address you used during registration. Go to your Sporcle Settings to finish the process.

Report this User

Report this user for behavior that violates our Community Guidelines.

Details: